| 000 | 01069nam a22002657a 4500 | ||
|---|---|---|---|
| 999 |
_c64624 _d64624 |
||
| 005 | 20240530110741.0 | ||
| 008 | 180926s2018 ua h f b 000 0 ara d | ||
| 017 |
_a2017/16681 _bمصر. دار الكتب |
||
| 020 | _a9789777357227 | ||
| 040 |
_aEG-CaGPL _cEG-CaGPL |
||
| 082 | 0 | 4 |
_221 _a746.79 / _bح س |
| 100 | 0 | _aحسن محمد نور عبدالنور | |
| 245 | 1 | 2 |
_aالسجاد الاسلامى فى شمال افريقية والاندلس / _cتاليف حسن محمد نور عبدالنور |
| 250 | _aط.1 | ||
| 260 |
_aالاسكندرية : _bدار الوفاء لدنيا الطباعة و النشر ، _c2018. |
||
| 300 |
_a336 ص. : _bايض ؛ _c24 سم. |
||
| 490 | 0 | _aاثار. | |
| 504 | _aيشتمل على ارجاعات ببليوجرافية | ||
| 650 | 0 | 7 |
_2qrmak _aالسجاجيد |
| 650 | 0 | 7 |
_2qrmak _aالسجاجيد الاسلامية _zشمال افريقيا |
| 650 | 0 | 7 |
_2qrmak _aالسجاجيد الاسلامية _zالاندلس |
| 651 | _2qrmak | ||
| 942 |
_2ddc _cBK |
||